书目信息 |
| 书名: | Psychology | |
| 作者: | Weiten,Wayne. | |
| 分册号: | ||
| 分册名: | 出版地: | Pacific Grove : |
|
| 出版社: | Brooks/Cole Publishing Company | |
| 出版时间: | 1999. | |
| 页数: | 809 p. ; | |
| 开本: | 29cm. | |
| 丛书名: | ||
| 中图分类号: | ||
| 科图分类号: | ||
| 其他分类号: | B84 | |
| 主题词: | ||
| 电子资源: | ||
| 000 | 00444nam 2200157 a 4500 | |
| 001 | E0435702117 | |
| 005 | 2004121709550211 | |
| 008 | 041217s1999 00010 eng | |
| 020 | @a0-534-34014-8 :@c12.00CNY. | |
| 040 | @aPFT@beng | |
| 090 | @aB84 | |
| 099 | @dB84@eW434 | |
| 245 | @aPsychology :@bThemes and Variations / @cWeiten,Wayne. | |
| 250 | @a4th ed. | |
| 260 | @aPacific Grove :@bBrooks/Cole Publishing Company,@c1999. | |
| 300 | @a809 p. ;@c29cm. | |
| Psychology : : Themes and Variations / / Weiten,Wayne.-4th ed.-Pacific Grove : : Brooks/Cole Publishing Company, , 1999. |
| 809 p. ; ; 29cm. |
| ISBN 0-534-34014-8 :12.00CNY. |
| ● |
| 相关链接 |
|
|
|
正题名:Psychology
索取号:B84/W434
 
预约/预借
| 序号 | 登录号 | 条形码 | 馆藏地/架位号 | 状态 | 备注 |
| 1 | 04449 | 300044495 | 社科库509/509社科库 129排2列2层/ [索取号:B84/W434] | 在馆 | |
| 2 | 04450 | 300044501 | 社科库509/509社科库 129排2列2层/ [索取号:B84/W434] | 在馆 |